000
00325nam a22001337a 4500
008
241107b |||||||| |||| 00| 0 eng d
020
_a
9780708899434
082
_a
813.54 WHI
100
_a
Whitehead Colson
245
_a
The Nickel Boys
260
_a
India :
_b
FLEET,
_c
2019.
300
_a
p. 211;
_c
23.4 Cm.
942
_2
ddc
999
_c
10074
_d
10075